Estructura de la economía: introducción al estudio del ingreso nacional
Guardat en:
| Autors principals: | , |
|---|---|
| Format: | Llibre |
| Idioma: | espanyol |
| Publicat: |
Ciudad de México
Fondo de Cultura Económica
1955
|
| Edició: | 3a. ed |
| Col·lecció: | Sección de Obras de Economía
|
| Matèries: | |
| Etiquetes: |
Afegir etiqueta
Sense etiquetes, Sigues el primer a etiquetar aquest registre!
|
MARC
| LEADER | 00000nam a2200000 a 4500 | ||
|---|---|---|---|
| 001 | UCT8872 | ||
| 003 | CL-VaPUC | ||
| 008 | 970326e19550000MX |||||||||||||||||spa|d | ||
| 082 | 0 | 4 | |a 330.01 |b HIC |2 21 |
| 100 | |a Hicks, John R |e author |9 379414 | ||
| 700 | 0 | |a Hart, A. G |e author |9 381049 | |
| 245 | 1 | 0 | |a Estructura de la economía: introducción al estudio del ingreso nacional |
| 250 | |a 3a. ed | ||
| 300 | |a 282 p | ||
| 942 | |c BK | ||
| 945 | |d 19970326 00:00:00 |a lriquelm | ||
| 260 | |a Ciudad de México |b Fondo de Cultura Económica |c 1955 | ||
| 650 | 0 | |a Economía |9 255568 | |
| 650 | 0 | |a Teorías económicas |9 270968 | |
| 650 | 0 | |a Producción |9 263680 | |
| 650 | 0 | |a Consumo |9 333893 | |
| 650 | 0 | |a Inversiones |9 345867 | |
| 650 | 7 | |a PRODUCTOS |2 CL-VaPUC |9 338640 | |
| 650 | 0 | |a Sector servicios |9 359061 | |
| 650 | 0 | |a Capital |9 263726 | |
| 650 | 0 | |a Factores de producción |9 365052 | |
| 650 | 7 | |a RENTA NACIONAL |2 CL-VaPUC |9 359260 | |
| 583 | |a last modification |c 19970326 00:00:00 |k Rodrigo Vera | ||
| 490 | 0 | |a Sección de Obras de Economía | |
| 999 | |c 257344 |d 257342 | ||
| 952 | |0 0 |1 0 |4 0 |6 330_010000000000000_HIC_1955 |7 0 |8 P |9 280749 |a BIBDER |b BIBDER |d 2019-11-19 |i 1814567 |o 330.01 HIC 1955 |p 1814567 |r 2023-01-25 |w 2019-11-19 |y BK |k DER | ||
| 952 | |0 0 |1 0 |4 0 |6 330_010000000000000_HIC_1955 |7 0 |8 A |9 280750 |a BIBGIM |b BIBGIM |d 2019-11-19 |i 1996533 |o 330.01 HIC 1955 |p 1996533 |r 2025-01-15 |w 2019-11-19 |y BK |k COM | ||
| 952 | |0 0 |1 0 |4 0 |6 330_010000000000000_HIC_1955 |7 0 |8 A |9 280751 |a BIBING |b BIBING |d 2019-11-19 |i 4030362 |o 330.01 HIC 1955 |p 4030362 |r 2025-01-20 |w 2019-11-19 |y BK |k GEO | ||
| 952 | |0 0 |1 0 |4 0 |6 330_010000000000000_HIC_1955 |7 0 |8 P |9 280752 |a BIBDER |b BIBDER |d 2019-11-19 |i 4684591 |o 330.01 HIC 1955 |p 4684591 |r 2023-01-25 |w 2019-11-19 |y BK |k DER | ||